000 00329nam a2200109Ia 4500
008 171211s9999 xx 000 0 und d
245 _aFrom Cats' Eyes To... Reflectors (Innovations from Nature (Cherry Lake))
245 _cWil Mara
260 _c2012
650 _xANIMALS
856 _uhttp://down.ebook777.com/056/1610806743.pdf
999 _c348430
_d348430